A new and comprehensive gazetteer of Virginia, and the District of Columbia, (Record no. 52429)
[ view plain ]
| 000 -LEADER | |
|---|---|
| fixed length control field | 01372cam a22003011 4500 |
| 001 - CONTROL NUMBER | |
| control field | rc 01002834 |
| 003 - CONTROL NUMBER IDENTIFIER | |
| control field | DLC |
| 005 - DATE AND TIME OF LATEST TRANSACTION | |
| control field | 20260227111908.0 |
| 007 - PHYSICAL DESCRIPTION FIXED FIELD--GENERAL INFORMATION | |
| fixed length control field | cr_||||||||||| |
| 008 - FIXED-LENGTH DATA ELEMENTS--GENERAL INFORMATION | |
| fixed length control field | 840524s1835 vau 000 0 eng |
| 010 ## - LIBRARY OF CONGRESS CONTROL NUMBER | |
| LC control number | rc 01002834 |
| 035 ## - SYSTEM CONTROL NUMBER | |
| System control number | (OCoLC)10769705 |
| 040 ## - CATALOGING SOURCE | |
| Original cataloging agency | DLC |
| Transcribing agency | ViU |
| Modifying agency | DLC |
| 043 ## - GEOGRAPHIC AREA CODE | |
| Geographic area code | n-us-va |
| -- | n-us-dc |
| 050 00 - LIBRARY OF CONGRESS CALL NUMBER | |
| Classification number | F224 |
| Item number | .M38 |
| 100 1# - MAIN ENTRY--PERSONAL NAME | |
| Personal name | Martin, Joseph, |
| Titles and words associated with a name | of Charlottesville, Va, |
| Relator term | ed. |
| 245 12 - TITLE STATEMENT | |
| Title | A new and comprehensive gazetteer of Virginia, and the District of Columbia, |
| Statement of responsibility, etc. | by Joseph Martin. To which is added a History of Virginia from its first settlement to the year 1754: with an abstract of the principal events from that period to the independence of Virginia ... by a citizen of Virginia [W. H. Brockenbrough] |
| 260 ## - PUBLICATION, DISTRIBUTION, ETC. | |
| Place of publication, distribution, etc. | Charlottesville, |
| Name of publisher, distributor, etc. | J. Martin, |
| Date of publication, distribution, etc. | 1835. |
| 300 ## - PHYSICAL DESCRIPTION | |
| Extent | 636 p. |
| Other physical details | fold map. |
| Dimensions | 24 cm. |
| 500 ## - GENERAL NOTE | |
| General note | Sabin 44894. |
| 500 ## - GENERAL NOTE | |
| General note | Also published at Richmond without date, under title: A comprehensive description of Virginia and the District of Columbia. |
| 530 ## - ADDITIONAL PHYSICAL FORM AVAILABLE NOTE | |
| Additional physical form available note | Also available in digital form on the Internet Archive Web site. |
| 651 #0 - SUBJECT ADDED ENTRY--GEOGRAPHIC NAME | |
| Geographic name | Virginia |
| General subdivision | Gazetteers. |
| 651 #0 - SUBJECT ADDED ENTRY--GEOGRAPHIC NAME | |
| Geographic name | Washington (D.C.) |
| General subdivision | Gazetteers. |
| 651 #0 - SUBJECT ADDED ENTRY--GEOGRAPHIC NAME | |
| Geographic name | Virginia |
| General subdivision | History |
| Chronological subdivision | Colonial period, ca. 1600-1775. |
| 700 1# - ADDED ENTRY--PERSONAL NAME | |
| Personal name | Brockenbrough, William Henry, |
| Dates associated with a name | 1812-1850. |
| 856 41 - ELECTRONIC LOCATION AND ACCESS | |
| Uniform Resource Identifier | <a href="http://hdl.loc.gov/loc.gdc/scd0001.0001357571A">http://hdl.loc.gov/loc.gdc/scd0001.0001357571A</a> |
No items available.